000
00330nam a22001457a 4500
008
210607b ||||| |||| 00| 0 eng d
020
_a
0879014342
041
_a
eng
080
_2
3rd
_a
53
082
_a
53
100
_a
43
101
_a
FIZ
245
_a
Physics for Scientists and Engineers
_c
Paul A, Tipler
942
_2
udc
_c
BK
999
_c
58043
_d
58043